Statistics for How much do you know about Loki

Click here to take the quiz!

General Stats

  • This quiz has been taken 229 times
  • The average score is 5 of 6

Answer Stats

HintAnswer% Correct
His brotherThor
99%
His real fatherLaufey
92%
Loki is the god of ___________Mischief
90%
His last nameLaufeyson
88%
When he is wearing his helmet, he is said to look like a ______Reindeer
64%
His laughEhehehehehe
41%

Score Distribution

Percentile by Number Answered

Percent of People with Each Score

Your Score History

You have not taken this quiz